MARC

LEADER 00000nas a2200000 a 4500
001 ssj0000070758
003 WaSeSS
005 20200512172242.0
006 m d
007 cr n
008 101118c19939999ii qr p s 0 0eng
010 |a  2010346173 
016 7 |a 101521797  |2 DNLM 
022 |a 0975-1599  |l 0974-9233  |y 0974-9233 
035 |a (WaSeSS)ssj0000070758 
040 |a DLC  |b eng  |c DLC  |d DLC  |d NLM  |d OCLCQ  |d CUS  |d OCLCA  |d SERSO  |d OCLCF  |d OCLCQ  |d OCLCO  |d RDF  |d OCLCQ  |d WaSeSS 
042 |a pcc 
043 |a f------  |a aw----- 
050 1 4 |a RE1 
060 0 0 |a W1  |b MI32E 
210 0 |a MEAJO 
210 1 0 |a Middle East Afr J Ophthalmol  |2 dnlm 
222 0 |a Middle East African journal of ophthalmology (Print) 
245 0 0 |a Middle East African journal of ophthalmology  |h [electronic resource]. 
246 1 3 |a MEAJO 
260 |a Mumbai :  |b Medknow Publications and Media,  |c [1993]- 
310 |a Quarterly 
362 1 |a Began in 1993. 
506 |a License restrictions may limit access. 
550 |a Official publication of Middle East African Council of Opthalmology. 
588 |a Description based on: Vol. 17, issue 1 (Jan./Mar. 2010). 
588 |a Latest issue consulted: Vol. 17, issue 3 (July/Sept. 2010). 
650 0 |a Eye  |x Diseases  |v Periodicals. 
650 0 |a Eye  |x Diseases  |z Africa  |v Periodicals. 
650 0 |a Eye  |x Diseases  |z Middle East  |v Periodicals. 
650 0 |a Ophthalmology  |v Periodicals. 
650 0 |a Ophthalmology  |z Africa  |v Periodicals. 
650 0 |a Ophthalmology  |z Middle East  |v Periodicals. 
650 1 2 |a Eye Diseases. 
650 2 2 |a Ophthalmologic Surgical Procedures. 
650 7 |a Eye  |x Diseases.  |2 fast  |0 (OCoLC)fst00919133 
650 7 |a Ophthalmology.  |2 fast  |0 (OCoLC)fst01046503 
651 7 |a Africa.  |2 fast  |0 (OCoLC)fst01239509 
651 7 |a Middle East.  |2 fast  |0 (OCoLC)fst01241586 
655 0 |a Electronic journals. 
710 2 |a Middle East African Council of Ophthalmology. 
856 4 0 |z Full text available from Research Library: 01/01/2008 to present  |u https://search.proquest.com/publication/226464